000 00730nam a2200253Ia 4500
003 OSt
005 20220926023856.0
006 a|||||r|||| 00| 0
007 ta
008 220923b |||||||| |||| 00| 0 eng d
037 _cGeneral Book
040 _aRTL
_cRTL
_beng
041 _2eng
_aeng
082 _aY33:6.73.N7, L2
100 _aBirnbaum Max
_9329701
245 0 _aSocial change in urban America
260 _aNY
_bHarper and Row
_c1972
300 _aviii,249p
_ccm.
500 _aBibliography at the end of each chapter
650 _aUrban Sociology
_934088
700 _a Mogey John
_9329702
942 _hY33:6.73.N7, L2
_cGB
_2CC
999 _c642504
_d642504